|
|
|
|
| LEADER |
00000naa2a2200000 4500 |
| 001 |
459250 |
| 005 |
20231101085132.0 |
| 035 |
|
|
|a (RuTPU)RU\TPU\prd\123020
|
| 035 |
|
|
|a RU\TPU\prd\12082
|
| 090 |
|
|
|a 459250
|
| 100 |
|
|
|a 20111019a2003 k y0rusy50 ca
|
| 101 |
0 |
|
|a rus
|
| 102 |
|
|
|a RU
|
| 200 |
1 |
|
|a Охрана окружающей среды и человеческая деятельность
|f Л. Петюшенко
|
| 225 |
1 |
|
|a Управление окружающей средой: проблемы стандартизации и качества
|
| 461 |
|
1 |
|0 (RuTPU)RU\TPU\prd\992
|x 0038-9692
|t Стандарты и качество
|o научно-технический журнал
|f Российская Федерация, Государственный комитет по стандартизации и метрологии (Госстандарт России)
|d 1980-
|
| 463 |
|
1 |
|0 (RuTPU)RU\TPU\prd\122999
|t № 2
|v С. 80-82
|d 2003
|
| 610 |
1 |
|
|a экология
|
| 610 |
1 |
|
|a окружающая среда
|
| 610 |
1 |
|
|a антропогенные воздействия
|
| 610 |
1 |
|
|a охрана
|
| 700 |
|
1 |
|a Петюшенко
|b Л.
|g Людмила
|
| 801 |
|
1 |
|a RU
|b 63413507
|c 20030327
|g PSBO
|
| 801 |
|
2 |
|a RU
|b 63413507
|c 20170309
|g RCR
|
| 942 |
|
|
|c BK
|